Smrť v baroku - Mater dolorosa ako patrónka dobrej smrti : Projekt dizertačnej práce /
Guardado en:
| Autor principal: | |
|---|---|
| Otros Autores: | |
| Formato: | Libro |
| Lenguaje: | eslovaco |
| Publicado: |
Trnava :
Filozofická fakulta Trnavskej univerzity,
marec 2005
|
| Materias: | |
| Etiquetas: |
Sin Etiquetas, Sea el primero en etiquetar este registro!
|
MARC
| LEADER | 00000nam a22000003a 4500 | ||
|---|---|---|---|
| 001 | 0118020 | ||
| 003 | SK-STU | ||
| 005 | 20251106085141.5 | ||
| 007 | ta | ||
| 008 | 251106s ----xo-----e------000-0-----d | ||
| 040 | |a STU |b slo | ||
| 041 | 0 | |a slo | |
| 044 | |a xo | ||
| 100 | 1 | |a Mičudová, Monika |4 aut | |
| 245 | 1 | 0 | |a Smrť v baroku - Mater dolorosa ako patrónka dobrej smrti : |b Projekt dizertačnej práce / |c aut. Monika Mičudová ; škol. Milan Hamada |
| 260 | |a Trnava : |b Filozofická fakulta Trnavskej univerzity, |c marec 2005 | ||
| 300 | |a 57 s. | ||
| 650 | 0 | 7 | |a barokové umenie |
| 650 | 0 | 7 | |a výtvarné umenie |
| 650 | 0 | 7 | |a pohrebné rituály |
| 650 | 0 | 7 | |a ikonografia |
| 650 | 0 | 7 | |a dejiny cirkvi |
| 700 | 1 | |a Hamada, Milan |4 ths | |
| 996 | |b 284AU10516 |c A* 13687/U |l AAKNST |s P |a 0 |w 0118020_0001 | ||